000 00807nam a2200217 a 4500
001 59738
003 BD-RjUL
005 20211209080750.0
008 161227s1970 ii ||||| |||| 00| 0 ben d
035 _a(BD-RjUL)59862
040 _aBD-RjUL
_bben
_cBD-RjUL
_dBD-RjUL
041 _aben
082 _223
_a782.42162
_bMUU 1970
100 _aমুখোপাধ্যায়, দিলীপ
_9177750
245 1 0 _aউত্তর-রাঢ়ের লোকসঙ্গীত /
_cদিলীপ মুখোপাধ্যায়
260 _aকলিকাতা :
_bকল্যাণী প্রকাশন,
_c১৯৭০.
300 _a[১৪], ১৪৪ পৃ. ;
_c২১ সেমি.
650 _aলোকসঙ্গীত
_9171326
650 _aFolk Songs
_9175744
942 _2ddc
_cBK
999 _c59738
_d59738